| 000 | 01075cam a2200325 a 4500 | ||
|---|---|---|---|
| 001 | 4348 | ||
| 003 | FISKH | ||
| 005 | 20250826102004.0 | ||
| 008 | 020903s2002 nyua b 000 1 eng | ||
| 010 | _a 2002511919 | ||
| 020 | _a0525468218 | ||
| 020 | _a051488003991 | ||
| 040 |
_aDLC _cDLC _dDLC _beng |
||
| 050 | _aPZ7.M64 | ||
| 082 | _a823.912 | ||
| 100 | 1 |
_aMilne, A. A. _q(Alan Alexander), _d1882-1956. |
|
| 245 | 1 | 0 |
_aPooh goes visiting / _cA.A. Milne ; adapted by Stephen Krensky ; with decorations by Ernest H. Shepard. |
| 260 |
_aNew York : _bPuffin Books, _c2002. |
||
| 300 |
_a48 pages : _bcolor illustrations ; _c23 cm |
||
| 505 | _aJ | ||
| 520 | _aWhen Winnie-the-Pooh visits his friend Rabbit, he gets stuck in the entrance hole. | ||
| 521 | 8 |
_a500
_bLexile estimate |
|
| 521 | 8 |
_aJ
_bRaz-Plus |
|
| 650 | 1 |
_aToys _vFiction. |
|
| 650 | 1 |
_aTeddy bears _vFiction. |
|
| 700 | 1 |
_aShepard, Ernest H. _q(Ernest Howard), _d1879-1976, _eillustrator |
|
| 906 |
_a7 _bcbc _corigcop _d2 _encip _f20 _gy-gencatlg |
||
| 942 |
_2ddc _cBK _n0 |
||
| 999 |
_c4348 _d4348 |
||